000 00312 a2200157 4500
001 62875
020 _a9788581633602
040 _cAnchieta - Pituba
100 _aPrice, Lissa
240 1 0 _aEnders
_lpor
245 1 0 _aEnders
300 _a286
362 0 _a2014
650 4 _aLiteratura juvenil
942 _cBK
999 _c62875
_d62875